000067038 001__ 67038
000067038 005__ 20230317221721.0
000067038 0247_ $$2GVK$$aGVK:278620884
000067038 020__ $$a3-528-06474-9
000067038 037__ $$aGSI-2014-01912
000067038 041__ $$ager
000067038 082__ $$a543
000067038 1001_ $$0P:(DE-Ds200)BUDP1-0212$$aMünzenberg, G.$$b0$$eCorresponding Author$$ugsi
000067038 245__ $$aModerne Alchemie$$bdie Jagd nach den schwersten Elementen$$cGottfried Münzenberg ;  MAtthias Schädel
000067038 260__ $$aBraunschweig [u.a.]$$bVieweg$$c1996
000067038 300__ $$aIX, 258 S. : graph. Darst
000067038 3367_ $$01$$2EndNote$$aBook
000067038 3367_ $$2BibTeX$$aBOOK
000067038 3367_ $$0PUB:(DE-HGF)3$$2PUB:(DE-HGF)$$aBook$$bbook$$mbook$$s1407829476_17763
000067038 3367_ $$2DRIVER$$abook
000067038 4900_ $$aFacetten
000067038 500__ $$aGeschichte der GSI
000067038 536__ $$0G:(DE-HGF)POF2-899$$a899 - ohne Topic (POF2-899)$$cPOF2-899$$fPOF I$$x0
000067038 588__ $$aDataset connected to GVK
000067038 650_7 $$2DE-Ds200$$aAnalytische Chemie
000067038 7001_ $$0P:(DE-Ds200)OR1170$$aSchädel, Matthias$$b1$$ugsi
000067038 773__ $$y1996
000067038 8527_ $$2DE-Ds200$$aGSI/FAIR Library$$bMain$$c543 MUE Mod$$h543$$p00013147$$t1
000067038 8527_ $$2DE-Ds200$$aGSI/FAIR Library$$bMain$$c543 MUE Mod$$h543$$p00048194$$t2
000067038 8564_ $$uhttp://d-nb.info/946114080/04$$yContents
000067038 8767_ $$2DE-Ds200$$aGSI/FAIR Library$$d1900-01-01$$eUnknown$$h4 weeks$$javailable$$p00013147$$t1
000067038 8767_ $$2DE-Ds200$$aGSI/FAIR Library$$d2021-09-06$$egesc$$hNot for loan$$javailable$$p00048194$$t2
000067038 909CO $$ooai:repository.gsi.de:67038$$pVDB
000067038 9101_ $$0I:(DE-Ds200)20121206GSI$$6P:(DE-Ds200)BUDP1-0212$$aGSI Helmholtzzentrum für Schwerionenforschung GmbH$$b0$$kGSI
000067038 9101_ $$0I:(DE-Ds200)20121206GSI$$6P:(DE-Ds200)OR1170$$aGSI Helmholtzzentrum für Schwerionenforschung GmbH$$b1$$kGSI
000067038 9131_ $$0G:(DE-HGF)POF2-899$$1G:(DE-HGF)POF2-890$$2G:(DE-HGF)POF2-800$$3G:(DE-HGF)POF2$$4G:(DE-HGF)POF$$aDE-HGF$$bProgrammungebundene Forschung$$lohne Programm$$vohne Topic$$x0
000067038 9201_ $$0I:(DE-Ds200)BUD-20051214OR030$$kBUD$$lBibliothek & Dokumentation$$x0
000067038 9201_ $$0I:(DE-Ds200)SHP-20080822OR107$$kSHP$$lSHE Physik$$x1
000067038 9201_ $$0I:(DE-Ds200)SHC-20090422OR109$$kSHC$$lSHE Chemie$$x2
000067038 9801_ $$aOPAC
000067038 980__ $$abook
000067038 980__ $$aVDB
000067038 980__ $$aI:(DE-Ds200)20120319OR030
000067038 980__ $$aI:(DE-Ds200)BUD-20051214OR030
000067038 980__ $$aI:(DE-Ds200)20110830OR107
000067038 980__ $$aI:(DE-Ds200)SHP-20080822OR107
000067038 980__ $$aI:(DE-Ds200)20110830OR109
000067038 980__ $$aI:(DE-Ds200)SHC-20090422OR109
000067038 980__ $$aUNRESTRICTED
000067038 980__ $$aOPAC